000 00301nam a2200133Ia 4500
005 20251222155043.0
008 251222s9999||||xx |||||||||||||| ||spa||
082 _aETI.243
100 _aAngélica Ramirez
245 0 _aBajo el mismo cielo
250 _a1ra. ed.
264 _bNo tiene
942 _cLIB
999 _c36995
_d36995